Premières dames de France - Mort subite - Statistiques

Statistiques générales
  • Ce quiz a été pris 564 fois
  • Le résultat moyen est 4 sur 9
Answers on the Grid
Answers color-coded by a green-red scale on the quiz's grid according to % correct below.
Bernadette
Brigitte
Carla
Valérie
Danielle
Claude
Anne-Aymone
Cécilia
Yvonne
Anémone
Marie- Louise
Françoise
Martine
Cécile
Élisabeth
Rose
Joséphine
Jeanne
Marguerite
Michèle
Germaine
Huguette
Julie
Ségolène
Mathilde
Charlène
Blanche
Élise
Claudine
Mazarine
 
Statistiques - réponses
Réponse % Correct
Brigitte
66%
Bernadette
58%
Carla
54%
Yvonne
38%
Cécilia
35%
Valérie
30%
Anne-Aymone
28%
Claude
27%
Danielle
25%
Aucun quiz correspondant
Distribution des résultats
% des personnes avec chaque résultat
Percentile par nombre de réponses
Votre historique - résultats
Vous n’avez pas pris ce quiz